LEADER 02923oam 2200817zu 450 001 9910698279703321 005 20251017110114.0 035 $a(CKB)3450000000002048 035 $a(SSID)ssj0000620938 035 $a(PQKBManifestationID)11389440 035 $a(PQKBTitleCode)TC0000620938 035 $a(PQKBWorkID)10613321 035 $a(PQKB)10838803 035 $a(WaSeSS)Innodata00030751 035 $a(OCoLC)70203651 035 $a(DNLM)1293847 035 $a(EXLCZ)993450000000002048 100 $a20160829d2006 uy 101 0 $aeng 135 $aur||||||||||| 181 $ctxt 182 $cc 183 $acr 200 00$aCriteria for distinguishing effectiveness from efficacy trials in systematic reviews 210 31$a[Place of publication not identified]$cAgency for Healthcare Research and Quality$d2006 215 $a1 online resource 225 1 $aTechnical Reviews ;$vno. 12 225 1 $aAHRQ publication ;$vno. 06-0046 300 $aBibliographic Level Mode of Issuance: Monograph 320 $aIncludes bibliographical references. 410 0$aTechnical review (United States. Agency for Healthcare Research and Quality) ;$vno. 12. 410 0$aAHRQ publication ;$vno. 06-0046. 606 $aEpidemiologic Studies 606 $aEvaluation Studies as Topic 606 $aEpidemiologic Methods 606 $aHealth Care Evaluation Mechanisms 606 $aInvestigative Techniques 606 $aPublic Health 606 $aDiagnostic Techniques and Procedures 606 $aQuality of Health Care 606 $aEnvironment and Public Health 606 $aHealth Care Quality, Access, and Evaluation 606 $aDelivery of Health Care 606 $aClinical Trials as Topic 606 $aMedicine$2HILCC 606 $aHealth & Biological Sciences$2HILCC 606 $aMedical Research$2HILCC 615 2$aEpidemiologic Studies. 615 2$aEvaluation Studies as Topic. 615 2$aEpidemiologic Methods. 615 2$aHealth Care Evaluation Mechanisms. 615 2$aInvestigative Techniques. 615 2$aPublic Health. 615 2$aDiagnostic Techniques and Procedures. 615 2$aQuality of Health Care. 615 2$aEnvironment and Public Health. 615 2$aHealth Care Quality, Access, and Evaluation. 615 2$aDelivery of Health Care. 615 2$aClinical Trials as Topic. 615 7$aMedicine 615 7$aHealth & Biological Sciences 615 7$aMedical Research 676 $a610.72/4 702 $aGartlehner$b Gerald 712 02$aUnited States Agency for Healthcare Research and Quality 712 02$aRTI International-University of North Carolina Evidence-based Practice Center, 801 0$bPQKB 906 $aBOOK 912 $a9910698279703321 996 $aCriteria for distinguishing effectiveness from efficacy trials in systematic reviews$93119399 997 $aUNINA LEADER 03575nam 22007935 450 001 9910590071803321 005 20251225203552.0 010 $a9783031148354 010 $a3031148355 024 7 $a10.1007/978-3-031-14835-4 035 $a(MiAaPQ)EBC7077647 035 $a(Au-PeEL)EBL7077647 035 $a(CKB)24739665600041 035 $a(PPN)264191412 035 $a(BIP)85467070 035 $a(BIP)85093044 035 $a(DE-He213)978-3-031-14835-4 035 $a(EXLCZ)9924739665600041 100 $a20220824d2022 u| 0 101 0 $aeng 135 $aurcnu|||||||| 181 $ctxt$2rdacontent 182 $cc$2rdamedia 183 $acr$2rdacarrier 200 10$aComputer Safety, Reliability, and Security $e41st International Conference, SAFECOMP 2022, Munich, Germany, September 6?9, 2022, Proceedings /$fedited by Mario Trapp, Francesca Saglietti, Marc Spisländer, Friedemann Bitsch 205 $a1st ed. 2022. 210 1$aCham :$cSpringer International Publishing :$cImprint: Springer,$d2022. 215 $a1 online resource (383 pages) 225 1 $aLecture Notes in Computer Science,$x1611-3349 ;$v13414 311 08$aPrint version: Trapp, Mario Computer Safety, Reliability, and Security Cham : Springer International Publishing AG,c2022 9783031148347 320 $aIncludes bibliographical references and index. 327 $aSafety Analysis and Certification -- Assurance Cases -- Fault Detection, Monitoring and Tolerance -- Security and Safety -- Fault Injection -- Object Detection and Perception -- Testing. 330 $aThis book constitutes the proceedings of the 41st International Conference on Computer Safety, Reliability and Security, SAFECOMP 2022, which took place in Munich, Germany, in September 2022. The 24 full papers included in this volume were carefully reviewed and selected from 93 submissions. SafeComp has contributed to the progress of the state-of-the-art in dependable application of computers in safety-related and safety-critical systems. SafeComp is an annual event covering the state-of-the-art, experience and new trends in the areas of safety, security and reliability of critical computer applications. 410 0$aLecture Notes in Computer Science,$x1611-3349 ;$v13414 606 $aComputer engineering 606 $aComputer networks 606 $aComputer programming 606 $aProgramming languages (Electronic computers) 606 $aComputers 606 $aComputer science 606 $aApplication software 606 $aComputer Engineering and Networks 606 $aProgramming Techniques 606 $aProgramming Language 606 $aComputing Milieux 606 $aTheory of Computation 606 $aComputer and Information Systems Applications 615 0$aComputer engineering. 615 0$aComputer networks. 615 0$aComputer programming. 615 0$aProgramming languages (Electronic computers) 615 0$aComputers. 615 0$aComputer science. 615 0$aApplication software. 615 14$aComputer Engineering and Networks. 615 24$aProgramming Techniques. 615 24$aProgramming Language. 615 24$aComputing Milieux. 615 24$aTheory of Computation. 615 24$aComputer and Information Systems Applications. 676 $a005.8 702 $aTrapp$b Mario 801 0$bMiAaPQ 801 1$bMiAaPQ 801 2$bMiAaPQ 906 $aBOOK 912 $a9910590071803321 996 $aComputer Safety, Reliability, and Security$92908259 997 $aUNINA